Statistics for Tidligere T-bane stopp i Oslo

Click here to take the quiz!

General Stats

  • This quiz has been taken 25 times
  • The average score is 4 of 19

Answer Stats

LinjeÅpnetNedlagtStasjon% Correct
Fellesstrekningen (Alle)19281985Valkyrie plass
95%
Røabanen (2)19361997Volvat
45%
Kolsåsbanen (3)19242006Egne hjem
35%
Røabanen (2)19351995Huseby skole
25%
Sognsvannsbanen (5)19341999Vestgrensa
25%
Sognsvannsbanen (5)19341993Frøen
20%
Røabanen (2)19121995Heggeli
20%
Kolsåsbanen (3)19422006Lysakerelven
20%
Røabanen (2)19351995Sørbyhaugen
20%
Kolsåsbanen (3)19242006Tjernsrud
20%
Kolsåsbanen (3)20062008Husebybakken
15%
Sognsvannsbanen (5)19321992Nordberg
15%
Kolsåsbanen (3)19242006Ringstabekk
15%
Røabanen (2)19481995Grini
10%
Kolsåsbanen (3)19302006Valler
10%
Kolsåsbanen (3)19422006Bjørnsletta
5%
Holmenkollbanen (1)19051935Engerjordet
5%
Kolsåsbanen (3)19302006Gjettum
5%
Røabanen (2)19421957Merradalen
0%

Score Distribution

Percentile by Number Answered

Percent of People with Each Score

Your Score History

You have not taken this quiz